000
00213 a2200097 4500
001
38024
100
_a
Goodge M
245
_a
Analogue Electronics
260
_a
Malaysia
_b
Macmillan
_c
1990
090
_c
24203
_d
24203
942
_a
NUST-CAE
_c
M
_c
15785
999
_c
273097
_d
273097